Những tác phẩm lớn trong văn chương thế giới

Đã lưu trong:
Sonraí Bibleagrafaíochta
Formáid: Leabhar
Teanga:Vietnamese
Foilsithe: Văn học 1998
Eagrán:In lần thứ tư
Clibeanna: Cuir Clib Leis
Gan Chlibeanna, Bí ar an gcéad duine leis an taifead seo a chlibeáil!
Thư viện lưu trữ: Mạng thư viện Đại học Đà Nẵng
LEADER 00870nam a2200265 4500
001 000015732
003 12115
005 20120601140614.0
008 120601s1998 viesd
041 0 |a vie 
082 |a 808.83  |b Như 
245 0 |a Những tác phẩm lớn trong văn chương thế giới  |c Vũ Dzũng 
250 |a In lần thứ tư  |b HCM. 
260 |a Văn học  |c 1998 
300 |a 1158 tr.  |c 21 cm 
OWN |a LSP 
AVA |a UDN50  |b LSP  |d 808.83 Như  |e available  |t Error 5001 Not defined in file expand_doc_bib_avail.  |f 1  |g 0  |h N  |i 0  |k 1 
999 |a From the UDN01 
AVA |a UDN50  |b LSP  |d 808.83 Như  |e available  |t Error 5001 Not defined in file expand_doc_bib_avail.  |f 1  |g 0  |h N  |i 0  |k 1 
TYP |a Monograph 
TYP |a Printed language 
980 |a Mạng thư viện Đại học Đà Nẵng